Avengers: Infinity War Cast and Characters - Statistics

General Stats
  • This quiz has been taken 182 times
  • The average score is 31 of 44
Answer Stats
Cast: Characters: % Correct
Chris Evans Captain America
100%
Mark Ruffalo Hulk
100%
Robert Downey Jr. Iron Man
100%
Scarlett Johansson Black Widow
99%
Tom Holland Spider Man
99%
Chris Hemsworth Thor
99%
Benedict Cumberbatch Doctor Strange
98%
Chadwick Boseman Black Panther
97%
Zoe Saldana Gamora
97%
Tom Hiddleston Loki
97%
Elizabeth Olsen Scarlet Witch
97%
Chris Pratt Star Lord
97%
Vin Diesel Groot
94%
Sebastion Stan Winter Soldier
94%
Paul Bettany Vision
93%
Don Cheadle War Machine
93%
Dave Bautista Drax
92%
Bradley Cooper Rocket
91%
Josh Brolin Thanos
90%
Anthony Mackie Falcon
89%
Karen Gillian Nebula
88%
Samuel L. Jackson Nick Fury
88%
Gwyneth Paltrow Pepper Potts
86%
Benedict Wong Wong
84%
Pom Klementieff Mantis
81%
Idris Elba Heimdall
72%
Cobie Smulders Maria Hill
72%
Letitia Wright Shuri
69%
Danai Gurira Okoye
63%
Benicio Del Toro The Collector
52%
Winston Duke M'Baku
51%
Tom Vaughan-Lawlor Ebony Maw
47%
Jacob Batalon Ned
47%
Stan Lee Bus Driver
45%
Carrie Coon Proxima Midnight
44%
Peter Dinklage Eitri
38%
Terry Notary Cull Obsidian
37%
Michael James Shaw Corvus Glaive
33%
Ross Marquand Red Skull
32%
William Hurt Thaddeus Ross
25%
Ariana Greenblatt Young Gamora
16%
Marija Juliette Abney Dora Milaje
9%
Marie Mouroum Dora Milaje
9%
Ameenah Kaplan Gamora's Mother
7%
No matching quizzes found
Score Distribution
Percent of People with Each Score
Percentile by Number Answered
Your Score History
You have not taken this quiz